000 01151nam a2200325 a 4500
999 _c2129
_d2129
006 a|||||r|||| 00| 0
007 ta
008 100331s2008 ii a b 010 0 eng d
020 _a9788126418398
_cRs. 595.00
040 _aKO
_beng
041 0 _aeng
044 _aii
082 0 4 _223
_a380.10605483
_bSe75
100 1 _aSethuram, P.
245 1 2 _aA journey through time, 1857-2007 :
_bCochin Chamber of Commerce & Industry : a commemorative volume /
_cP. Sethuram, M. K. Das, V. N. Venugopal.
260 _aKottayam :
_bD. C. Books,
_c2008.
300 _axii, 321 p. :
_bill. (some col.) ;
_c25 cm.
504 _aIncludes bibliographical references.
505 0 _abook 1. History of the chamber -- book 2. Kerala's economic history -- book 3. Kerala's cultural heritage.
610 2 0 _aCochin Chamber of Commerce & Industry
_xHistory.
651 0 _aKerala (India)
_xEconomic conditions.
651 0 _aKerala (India)
_xCivilization.
700 1 _aDas, M. K.
_c(Journalist)
700 1 _aVenugopal, V. N.
710 2 _aCochin Chamber of Commerce & Industry.
904 _aRUDRA_R
905 _aR_RANJAN
942 _2ddc
_cBK